[Event "MPJ C18"]
[Site "?"]
[Date "2016.03.18"]
[Round "1.10"]
[White "Szostko, Jakub"]
[Black "Adamczewski, Maciej"]
[Result "1-0"]
[LiveChessVersion "1.4.8"]
[BlackElo "1961"]
[WhiteElo "2228"]

1. e4 e6 2. d4 d5 3. Nc3 Nf6 4. e5 Nfd7 5. f4 c5 6. Nf3 Nc6 7. Be3 a6 8. Qd2 b5
9. dxc5 Bxc5 10. Bd3 Bb7 11. Bf2 Qb6 12. O-O Bxf2+ 13. Rxf2 Nc5 14. a3 b4 15.
axb4 Nxb4 16. Qe3 Rd8 17. Qe2 Nbxd3 18. cxd3 d4 19. Na4 Nxa4 20. Rxa4 Bc6 21. Ra3
O-O 22. Qd2 Rc8 23. Qa5 Qxa5 24. Rxa5 Bb5 25. Nxd4 Bxd3 26. Rd2 Bc4 27. b3 Bb5
28. Nxb5 Rc5 29. Rxa6 Rxb5 30. Rd3 g6 31. Rc6 Rfb8 32. Rcc3 Rb4 33. g3 Kg7 34.
Kg2 R8b5 35. Rd7 Rb7 36. Rxb7 Rxb7 37. Kf3 Rb4 38. h4 h6 39. Kg4 Kf8 40. Kh3 Kg7
41. Kg4 Kf8 42. Kf3 Ke7 43. Ke2 Kd8 44. Kd2 Kd7 45. Kc2 Re4 46. Kd2 Rb4 47. Kd3
Kd8 48. Kc2 Re4 49. Rd3+ Kc7 50. Kc3 Kc6 51. Kd2 Rb4 52. Ke3 h5 53. Kd2 Kc7 54.
Rc3+ Kd7 55. Kc2 Re4 56. Kb2 Re1 57. b4 Rd1 58. Kb3 Rb1+ 59. Ka4 Rb2 60. Ka5 Rb1
61. b5 Rb2 62. Ka6 Rb4 63. b6 Rb2 64. b7 Ra2+ 65. Kb6 Rb2+ 66. Ka7 Ra2+ 67. Kb8
Rb2 68. Rc7+ Kd8 69. Rc6 1-0

[Event "MPJ C18"]
[Site "?"]
[Date "2016.03.18"]
[Round "1.11"]
[White "Golda, Sebastian"]
[Black "Kanicki, Krzysztof"]
[Result "1/2-1/2"]
[LiveChessVersion "1.4.8"]
[BlackElo "2208"]
[WhiteElo "1941"]

1. e4 c5 2. Nf3 Nc6 3. d4 cxd4 4. Nxd4 Nf6 5. Nc3 d6 6. Bg5 Bd7 7. Qd2 Rc8 8. Be2
Nxd4 9. Qxd4 Qa5 10. Bd2 e5 11. Qd3 a6 12. O-O Be6 13. Nd5 Qd8 14. c4 Bxd5 15.
exd5 Be7 16. b4 O-O 17. Rac1 Nd7 18. Be3 b6 19. f3 Bg5 20. Kh1 a5 21. a3 Ra8 22.
Rc3 Bxe3 23. Qxe3 Qc7 24. Rb1 Ra7 25. Rbc1 axb4 26. axb4 Ra4 27. Rb1 Rfa8 28. Qc1
g6 29. c5 bxc5 30. Bb5 R4a7 31. Bxd7 Qxd7 32. bxc5 dxc5 33. Rxc5 Ra5 34. h3 Kg7
35. Qc3 Rxc5 36. Qxc5 Rc8 37. Qa5 Rd8 38. Rd1 Qd6 39. Qc3 Kg8 40. Qe3 Kg7 41. Qc3
Kg8 42. Re1 Qxd5 43. Qxe5 Qxe5 44. Rxe5 Kg7 1/2-1/2

[Event "MPJ C18"]
[Site "?"]
[Date "2016.03.18"]
[Round "1.12"]
[White "Smieszek, Wojciech"]
[Black "Zarnowski, Krzysztof"]
[Result "1-0"]
[LiveChessVersion "1.4.8"]
[BlackElo "1940"]
[WhiteElo "2182"]

1. e4 {[%clk 1:30:55]} c5 {[%clk 1:30:49]} 2. Nf3 {[%clk 1:31:21]} d6
{[%clk 1:30:56]} 3. d4 {[%clk 1:31:42]} cxd4 {[%clk 1:31:20]} 4. Nxd4
{[%clk 1:32:09]} Nf6 {[%clk 1:31:36]} 5. Nc3 {[%clk 1:32:33]} a6 {[%clk 1:31:46]}
6. Be3 {[%clk 1:32:36]} e5 {[%clk 1:32:02]} 7. Nb3 {[%clk 1:33:00]} Be6
{[%clk 1:32:23]} 8. f3 {[%clk 1:33:05]} Be7 {[%clk 1:32:36]} 9. Qd2
{[%clk 1:32:59]} Nbd7 {[%clk 1:32:53]} 10. O-O-O {[%clk 1:33:05]} O-O
{[%clk 1:32:50]} 11. g4 {[%clk 1:33:12]} b5 {[%clk 1:33:02]} 12. g5
{[%clk 1:32:45]} b4 {[%clk 1:32:56]} 13. Na4 {[%clk 1:32:04]} Nh5
{[%clk 1:32:32]} 14. Qxb4 {[%clk 1:31:38]} d5 {[%clk 1:32:48]} 15. Qa5
{[%clk 1:31:30]} Bxg5 {[%clk 1:20:23]} 16. Bxg5 {[%clk 1:29:24]} Qxg5+
{[%clk 1:20:46]} 17. Kb1 {[%clk 1:29:41]} d4 {[%clk 1:19:02]} 18. Nxd4
{[%clk 1:25:51]} Qf6 {[%clk 1:04:13]} 19. Nxe6 {[%clk 1:24:48]} Qxe6
{[%clk 1:04:34]} 20. Qc7 {[%clk 1:18:26]} Nhf6 {[%clk 0:58:24]} 21. Rd6
{[%clk 1:15:23]} Qe7 {[%clk 0:56:59]} 22. Nb6 {[%clk 0:59:03]} Ne8 23. Rxd7
{[%clk 0:54:56]} Qb4 {[%clk 0:48:56]} 24. c3 {[%clk 0:54:59]} Qa5
{[%clk 0:46:46]} 25. Qb7 {[%clk 0:53:46]} 1-0

[Event "MPJ C18"]
[Site "?"]
[Date "2016.03.18"]
[Round "1.13"]
[White "Mockun, Dawid"]
[Black "Zylka, Stanislaw"]
[Result "1-0"]
[LiveChessVersion "1.4.8"]
[BlackElo "2180"]
[WhiteElo "1933"]

1. d4 d5 2. Nf3 {[%clk 1:31:00]} c6 {[%clk 1:31:10]} 3. c3 {[%clk 1:30:21]} Nf6
{[%clk 1:30:41]} 4. Bg5 {[%clk 1:28:36]} Bf5 {[%clk 1:26:54]} 5. e3
{[%clk 1:26:50]} Nbd7 {[%clk 1:25:08]} 6. Bd3 {[%clk 1:26:59]} e6
{[%clk 1:20:44]} 7. Bxf5 {[%clk 1:18:06]} exf5 {[%clk 1:21:04]} 8. Qc2
{[%clk 1:18:27]} Qb6 {[%clk 1:17:26]} 9. Nbd2 {[%clk 1:17:36]} Ne4
{[%clk 1:17:18]} 10. Bf4 {[%clk 1:17:53]} Be7 {[%clk 1:17:05]} 11. O-O
{[%clk 1:17:33]} O-O {[%clk 1:17:03]} 12. c4 {[%clk 1:17:52]} Rac8
{[%clk 1:14:55]} 13. Rac1 {[%clk 1:16:42]} dxc4 {[%clk 1:00:27]} 14. Nxe4
{[%clk 1:14:30]} fxe4 {[%clk 1:00:50]} 15. Qxe4 {[%clk 1:13:13]} Bf6
{[%clk 0:54:15]} 16. Qc2 {[%clk 1:07:49]} c5 {[%clk 0:54:18]} 17. Qxc4
{[%clk 1:05:58]} Qxb2 {[%clk 0:50:55]} 18. Rb1 {[%clk 1:00:01]} Qa3
{[%clk 0:41:44]} 19. Bd6 {[%clk 0:58:51]} Rfd8 {[%clk 0:27:22]} 20. Rxb7
{[%clk 0:58:03]} cxd4 {[%clk 0:19:09]} 21. Rxd7 {[%clk 0:47:17]} Qxd6
{[%clk 0:19:24]} 22. Qxf7+ {[%clk 0:47:39]} Kh8 {[%clk 0:19:43]} 23. Rxd6
{[%clk 0:48:00]} Rxd6 {[%clk 0:20:12]} 24. exd4 {[%clk 0:47:59]} Bxd4
{[%clk 0:19:31]} 25. Nxd4 {[%clk 0:48:13]} Rxd4 {[%clk 0:19:55]} 26. Qxa7
{[%clk 0:48:39]} Rd2 {[%clk 0:20:17]} 27. g3 {[%clk 0:48:17]} h6 {[%clk 0:20:20]}
28. Re1 {[%clk 0:48:38]} Rcc2 {[%clk 0:20:39]} 29. Re8+ {[%clk 0:48:58]} Kh7
{[%clk 0:21:05]} 30. Re7 {[%clk 0:49:21]} 1-0

[Event "MPJ C18"]
[Site "?"]
[Date "2016.03.18"]
[Round "1.14"]
[White "Lizak, Jakub"]
[Black "Januszkiewicz, Wojciech"]
[Result "0-1"]
[LiveChessVersion "1.4.8"]
[BlackElo "1922"]
[WhiteElo "2176"]

1. e4 c5 2. Nf3 d6 3. d4 cxd4 4. Nxd4 Nf6 5. Nc3 g6 6. Be3 Bg7 7. f3 O-O 8. Qd2
Nc6 9. O-O-O d5 10. Qe1 e5 11. Nxc6 bxc6 12. exd5 cxd5 13. Bg5 Be6 14. Bc4 Qb6
15. Bxf6 Bxf6 16. Nxd5 Bxd5 17. Rxd5 a5 18. Rb5 Qc7 19. Qe4 Rfc8 20. Bb3 Rab8 21.
Rxb8 Rxb8 22. Rd1 Rb4 23. Qa8+ Kg7 24. Qe8 Rb7 25. g3 Qb6 26. Kb1 Qf2 27. a4 Rxb3
28. Rd7 Qe1+ 29. Ka2 Rxb2+ 30. Kxb2 e4+ 31. Ka2 Qa1+ 32. Kb3 Qc3+ 0-1

[Event "MPJ C18"]
[Site "?"]
[Date "2016.03.18"]
[Round "1.15"]
[White "Kaminski, Piotr"]
[Black "Michalski, Filip"]
[Result "0-1"]
[LiveChessVersion "1.4.8"]
[BlackElo "2155"]
[WhiteElo "1920"]

1. e4 {[%clk 1:30:57]} e6 {[%clk 1:30:55]} 2. d4 {[%clk 1:31:22]} d5
{[%clk 1:31:03]} 3. Nc3 {[%clk 1:31:44]} Nc6 {[%clk 1:31:28]} 4. Nf3
{[%clk 1:31:57]} Nf6 {[%clk 1:31:42]} 5. e5 {[%clk 1:32:11]} Ne4 {[%clk 1:32:05]}
6. Bd3 {[%clk 1:32:36]} Bb4 {[%clk 1:32:15]} 7. Bd2 {[%clk 1:32:59]} Nxd2
{[%clk 1:32:22]} 8. Qxd2 {[%clk 1:33:27]} f6 {[%clk 1:31:52]} 9. a3
{[%clk 1:33:47]} Bxc3 {[%clk 1:30:31]} 10. Qxc3 {[%clk 1:34:16]} fxe5
{[%clk 1:30:32]} 11. dxe5 {[%clk 1:34:36]} O-O {[%clk 1:30:47]} 12. O-O-O
{[%clk 1:34:25]} Bd7 {[%clk 1:28:19]} 13. h4 {[%clk 1:34:30]} Qe7
{[%clk 1:21:57]} 14. Rh3 {[%clk 1:27:00]} Rf4 {[%clk 1:21:14]} 15. Rg3
{[%clk 1:17:31]} a5 {[%clk 1:02:49]} 16. Qd2 {[%clk 1:08:06]} Raf8
{[%clk 1:02:45]} 17. h5 {[%clk 1:05:36]} h6 {[%clk 1:02:56]} 18. Qe3
{[%clk 0:58:16]} Kh8 {[%clk 0:33:55]} 19. Rh1 {[%clk 0:45:51]} d4
{[%clk 0:25:33]} 20. Qe2 {[%clk 0:38:23]} Qc5 {[%clk 0:19:23]} 21. Nh4
{[%clk 0:33:23]} Be8 {[%clk 0:19:28]} 22. Nf3 {[%clk 0:23:31]} Ne7
{[%clk 0:17:48]} 23. Rh4 {[%clk 0:17:30]} Nd5 {[%clk 0:13:44]} 24. Rhg4
{[%clk 0:10:21]} Rxg4 {[%clk 0:12:24]} 25. Rxg4 {[%clk 0:10:50]} Nf4
{[%clk 0:12:19]} 26. Rxf4 {[%clk 0:10:56]} Rxf4 {[%clk 0:12:05]} 27. g3
{[%clk 0:11:21]} Rg4 {[%clk 0:06:43]} 28. Nh2 {[%clk 0:08:06]} Rg5
{[%clk 0:07:09]} 29. Qe4 {[%clk 0:05:40]} g6 {[%clk 0:07:34]} 30. Ng4
{[%clk 0:05:17]} Kg7 {[%clk 0:04:10]} 31. Nf6 {[%clk 0:02:46]} Bc6
{[%clk 0:03:11]} 32. Qh4 {[%clk 0:00:33]} Qxe5 {[%clk 0:03:25]} 33. Ne4
{[%clk 0:00:47]} Rf5 {[%clk 0:01:47]} 34. f4 {[%clk 0:00:37]} Qd5
{[%clk 0:02:08]} 35. hxg6 {[%clk 0:00:39]} Kxg6 {[%clk 0:01:22]} 36. g4
{[%clk 0:00:47]} Kg7 {[%clk 0:00:43]} 37. gxf5 {[%clk 0:01:03]} Qxf5
{[%clk 0:00:57]} 38. Qe7+ {[%clk 0:00:39]} Qf7 {[%clk 0:01:24]} 39. Qxf7+
{[%clk 0:00:39]} Kxf7 {[%clk 0:01:50]} 40. Ng3 {[%clk 0:30:58]} Bf3
{[%clk 0:31:47]} 41. Kd2 {[%clk 0:30:18]} Kf6 {[%clk 0:28:12]} 42. Ke1
{[%clk 0:27:45]} h5 {[%clk 0:27:46]} 43. Kf2 {[%clk 0:27:23]} Bg4
{[%clk 0:28:07]} 44. Be4 {[%clk 0:24:50]} b5 {[%clk 0:26:37]} 45. Bf3
{[%clk 0:24:48]} Bxf3 {[%clk 0:26:20]} 46. Kxf3 {[%clk 0:25:18]} h4
{[%clk 0:25:24]} 47. Ne2 {[%clk 0:20:17]} c5 {[%clk 0:17:29]} 48. Ke4
{[%clk 0:12:28]} h3 {[%clk 0:17:40]} 49. Ng3 {[%clk 0:10:57]} a4 {[%clk 0:16:47]}
50. b3 {[%clk 0:06:37]} b4 {[%clk 0:15:54]} 51. axb4 {[%clk 0:00:42]} a3
{[%clk 0:16:20]} 52. bxc5 {[%clk 0:01:11]} a2 {[%clk 0:16:46]} 53. Kxd4
{[%clk 0:01:27]} a1=Q+ {[%clk 0:17:08]} 54. Kc4 {[%clk 0:01:32]} Qg1
{[%clk 0:17:24]} 55. Ne4+ {[%clk 0:01:40]} Ke7 {[%clk 0:17:32]} 56. c6
{[%clk 0:01:29]} h2 {[%clk 0:17:56]} 0-1

[Event "MPJ C18"]
[Site "?"]
[Date "2016.03.18"]
[Round "1.16"]
[White "Molenda, Marcin"]
[Black "Litner, Igor"]
[Result "1-0"]
[LiveChessVersion "1.4.8"]
[BlackElo "1883"]
[WhiteElo "2142"]

1. e4 c6 2. d4 d5 3. Nc3 dxe4 4. Nxe4 Nf6 5. Nxf6+ exf6 6. Bc4 Bd6 7. Ne2 O-O 8.
Be3 Bg4 9. h3 Bxe2 10. Qxe2 f5 11. Qf3 f4 12. Bxf4 Bxf4 13. Qxf4 Re8+ 14. Kd2 Re7
15. Rae1 Nd7 16. Qd6 Rxe1 17. Rxe1 Qg5+ 18. Kd1 Nb6 19. Bxf7+ Kh8 20. Qe7 Qxe7
21. Rxe7 Rb8 22. c4 Rd8 23. Kc2 g6 24. c5 Nd5 25. Bxd5 Rxd5 26. Kd3 b6 27. b4
bxc5 28. bxc5 Rd8 29. Rc7 Rb8 30. Rxc6 Rb2 31. d5 Kg8 32. Rf6 Rxa2 33. c6 Ra1 34.
c7 1-0

[Event "MPJ C18"]
[Site "?"]
[Date "2016.03.14"]
[Round "2.1"]
[White "Nowak, Kamil"]
[Black "Smieszek, Wojciech"]
[Result "1-0"]
[LiveChessVersion "1.4.8"]
[BlackElo "2182"]
[WhiteElo "2339"]

1. e4 {[%clk 1:30:53]} c5 {[%clk 1:30:51]} 2. Nf3 {[%clk 1:30:49]} g6
{[%clk 1:31:04]} 3. d4 {[%clk 1:30:25]} cxd4 {[%clk 1:31:26]} 4. Nxd4
{[%clk 1:29:07]} Nc6 {[%clk 1:31:43]} 5. c4 {[%clk 1:28:40]} Bg7 {[%clk 1:31:37]}
6. Be3 {[%clk 1:28:40]} Nf6 {[%clk 1:31:43]} 7. Nc3 {[%clk 1:28:58]} Ng4
{[%clk 1:31:12]} 8. Qxg4 {[%clk 1:29:21]} Nxd4 {[%clk 1:31:36]} 9. Qd1
{[%clk 1:29:46]} Ne6 {[%clk 1:31:59]} 10. Rc1 {[%clk 1:30:13]} b6
{[%clk 1:31:42]} 11. Be2 {[%clk 1:26:08]} Bb7 {[%clk 1:31:44]} 12. f3
{[%clk 1:23:55]} O-O {[%clk 1:29:38]} 13. O-O {[%clk 1:20:32]} Bc6
{[%clk 1:23:41]} 14. Qd2 {[%clk 1:17:50]} a5 {[%clk 1:21:12]} 15. Rfd1
{[%clk 1:13:07]} Nc5 {[%clk 1:14:05]} 16. b3 {[%clk 1:09:54]} f5 {[%clk 0:52:22]}
17. exf5 {[%clk 1:06:43]} gxf5 {[%clk 0:48:33]} 18. Nd5 {[%clk 1:05:26]} Rc8
{[%clk 0:30:17]} 19. Bg5 {[%clk 1:00:26]} Bxd5 {[%clk 0:28:23]} 20. cxd5
{[%clk 0:57:05]} Qe8 {[%clk 0:23:51]} 21. Bb5 {[%clk 0:55:26]} Bf6
{[%clk 0:17:51]} 22. Bh6 {[%clk 0:54:10]} Bg7 {[%clk 0:15:27]} 23. Bxg7
{[%clk 0:47:53]} Kxg7 {[%clk 0:15:51]} 24. Qg5+ {[%clk 0:48:10]} Kh8
{[%clk 0:13:18]} 25. Re1 {[%clk 0:46:40]} Rf7 {[%clk 0:13:39]} 26. Qe3
{[%clk 0:45:27]} Rg7 {[%clk 0:12:11]} 27. a3 {[%clk 0:41:39]} Qg6
{[%clk 0:06:54]} 28. Re2 {[%clk 0:39:14]} Rf8 {[%clk 0:04:40]} 29. b4
{[%clk 0:38:16]} axb4 {[%clk 0:05:06]} 30. axb4 {[%clk 0:38:44]} Nb7
{[%clk 0:03:07]} 31. Bxd7 {[%clk 0:38:13]} Qd6 {[%clk 0:01:31]} 32. Bc6
{[%clk 0:34:32]} Nd8 {[%clk 0:01:57]} 33. Qxb6 {[%clk 0:32:37]} Qf4
{[%clk 0:01:46]} 34. Rc3 {[%clk 0:27:10]} Nxc6 {[%clk 0:01:54]} 35. dxc6
{[%clk 0:23:02]} Ra8 {[%clk 0:02:18]} 36. Qe3 {[%clk 0:13:08]} Qxb4
{[%clk 0:02:31]} 37. c7 {[%clk 0:12:05]} Qb7 {[%clk 0:00:39]} 38. Rd2
{[%clk 0:09:30]} Rag8 {[%clk 0:00:38]} 39. g3 {[%clk 0:08:05]} e6
{[%clk 0:00:34]} 40. Qc5 {[%clk 0:36:19]} Qc8 {[%clk 0:30:34]} 41. Qe5
{[%clk 0:34:37]} Qa8 {[%clk 0:22:59]} 42. Kg2 {[%clk 0:30:48]} Qc8
{[%clk 0:17:37]} 43. Rb2 {[%clk 0:30:26]} Qa6 {[%clk 0:16:30]} 44. c8=Q
{[%clk 0:30:21]} Rxc8 {[%clk 0:16:47]} 45. Rxc8+ {[%clk 0:30:48]} 1-0

[Event "MPJ C18"]
[Site "?"]
[Date "2016.03.14"]
[Round "2.2"]
[White "Michalski, Filip"]
[Black "Kucza, Karol"]
[Result "1/2-1/2"]
[LiveChessVersion "1.4.8"]
[BlackElo "2310"]
[WhiteElo "2155"]

1. d4 {[%clk 1:30:57]} d5 {[%clk 1:30:53]} 2. c4 {[%clk 1:30:17]} c6
{[%clk 1:31:17]} 3. Nc3 {[%clk 1:30:44]} Nf6 {[%clk 1:31:40]} 4. e3
{[%clk 1:31:09]} e6 {[%clk 1:31:55]} 5. Nf3 {[%clk 1:31:36]} Nbd7
{[%clk 1:32:18]} 6. Qc2 {[%clk 1:32:00]} Bd6 {[%clk 1:32:33]} 7. Bd3
{[%clk 1:32:25]} dxc4 {[%clk 1:32:39]} 8. Bxc4 {[%clk 1:32:48]} O-O
{[%clk 1:33:03]} 9. O-O {[%clk 1:33:11]} b5 {[%clk 1:33:29]} 10. Bd3
{[%clk 1:33:34]} Bb7 {[%clk 1:33:37]} 11. Ng5 {[%clk 1:33:52]} h6
{[%clk 1:31:19]} 12. Nge4 {[%clk 1:34:18]} Be7 {[%clk 1:27:01]} 13. a3
{[%clk 1:34:22]} a5 {[%clk 1:21:13]} 14. Bd2 {[%clk 1:34:34]} Nd5
{[%clk 1:06:21]} 15. Nxd5 {[%clk 1:32:32]} exd5 {[%clk 0:57:16]} 16. Ng3
{[%clk 1:31:40]} Re8 {[%clk 0:56:26]} 17. Nf5 {[%clk 1:10:09]} Bf8
{[%clk 0:56:02]} 18. f3 {[%clk 1:00:03]} Qb6 {[%clk 0:49:25]} 19. b4
{[%clk 0:57:02]} axb4 {[%clk 0:35:11]} 20. axb4 {[%clk 0:57:00]} Qd8
{[%clk 0:33:53]} 21. e4 {[%clk 0:55:26]} Nb6 {[%clk 0:33:04]} 22. Bc3
{[%clk 0:34:35]} Nc4 {[%clk 0:28:26]} 23. Rxa8 {[%clk 0:30:23]} Qxa8
{[%clk 0:28:47]} 24. Ra1 {[%clk 0:30:29]} Qd8 {[%clk 0:28:19]} 25. e5
{[%clk 0:29:29]} Qg5 {[%clk 0:21:11]} 26. h4 {[%clk 0:20:19]} Qd8
{[%clk 0:20:34]} 27. Qc1 {[%clk 0:20:25]} Bc8 {[%clk 0:16:35]} 28. Qf4
{[%clk 0:20:21]} Qb6 {[%clk 0:13:08]} 29. Nxh6+ {[%clk 0:07:54]} gxh6
{[%clk 0:13:20]} 30. Bh7+ {[%clk 0:08:21]} Kxh7 {[%clk 0:08:45]} 31. Qxf7+
{[%clk 0:08:45]} Bg7 {[%clk 0:09:07]} 32. Qxe8 {[%clk 0:08:59]} Qb7
{[%clk 0:09:04]} 33. e6 {[%clk 0:05:52]} Nd6 {[%clk 0:08:11]} 34. Qd8
{[%clk 0:05:52]} Nf5 {[%clk 0:08:02]} 35. g4 {[%clk 0:04:17]} Nxd4
{[%clk 0:06:21]} 36. e7 {[%clk 0:03:19]} Qb8 {[%clk 0:00:32]} 37. Kg2
{[%clk 0:02:01]} Nxf3 {[%clk 0:00:34]} 38. Kxf3 {[%clk 0:01:04]} Qh2
{[%clk 0:00:37]} 39. e8=Q {[%clk 0:00:50]} Qh3+ {[%clk 0:00:34]} 40. Kf2
{[%clk 0:30:53]} Qh2+ {[%clk 0:30:38]} 41. Kf3 {[%clk 0:15:16]} 1/2-1/2

[Event "MPJ C18"]
[Site "?"]
[Date "2016.03.14"]
[Round "2.3"]
[White "Tomczak, Mikolaj"]
[Black "Molenda, Marcin"]
[Result "1-0"]
[LiveChessVersion "1.4.8"]
[BlackElo "2142"]
[WhiteElo "2308"]

1. b3 {[%clk 1:30:38]} e5 {[%clk 1:29:57]} 2. Bb2 {[%clk 1:31:03]} Nc6
{[%clk 1:29:55]} 3. e3 {[%clk 1:31:27]} d5 {[%clk 1:29:31]} 4. Bb5
{[%clk 1:31:37]} Bd6 {[%clk 1:29:27]} 5. f4 {[%clk 1:22:38]} Qe7 {[%clk 1:29:42]}
6. Nf3 {[%clk 1:20:06]} Bg4 {[%clk 1:23:02]} 7. fxe5 {[%clk 1:15:31]} Bxe5
{[%clk 1:20:33]} 8. Bxe5 {[%clk 1:13:28]} Bxf3 {[%clk 1:20:56]} 9. Qxf3
{[%clk 1:13:42]} Qxe5 {[%clk 1:21:20]} 10. Nc3 {[%clk 1:13:37]} Nf6
{[%clk 1:21:30]} 11. Bxc6+ {[%clk 1:12:58]} bxc6 {[%clk 1:21:53]} 12. O-O
{[%clk 1:13:23]} O-O {[%clk 1:21:23]} 13. Qf4 {[%clk 1:13:33]} Rfe8
{[%clk 1:18:11]} 14. Na4 {[%clk 1:10:43]} Rab8 {[%clk 1:10:30]} 15. Rae1
{[%clk 1:04:49]} Re7 {[%clk 1:07:15]} 16. h3 {[%clk 1:00:44]} Ne4
{[%clk 1:06:29]} 17. d3 {[%clk 0:55:48]} Nd6 {[%clk 1:05:29]} 18. Qxe5
{[%clk 0:51:23]} Rxe5 {[%clk 1:05:53]} 19. Nc5 {[%clk 0:41:23]} Rbe8
{[%clk 1:03:53]} 20. Na6 {[%clk 0:38:27]} Rxe3 {[%clk 0:58:31]} 21. Rxe3
{[%clk 0:38:51]} Rxe3 {[%clk 0:58:56]} 22. Nb4 {[%clk 0:38:27]} Nb5
{[%clk 0:52:27]} 23. Nxc6 {[%clk 0:34:43]} Re6 {[%clk 0:51:08]} 24. Nd8
{[%clk 0:32:31]} Re7 {[%clk 0:51:18]} 25. c4 {[%clk 0:25:49]} Nd4
{[%clk 0:48:16]} 26. Nb7 {[%clk 0:20:02]} Ne2+ {[%clk 0:39:27]} 27. Kh2
{[%clk 0:20:00]} d4 {[%clk 0:39:26]} 28. Nd8 {[%clk 0:11:04]} f6 {[%clk 0:37:25]}
29. Nc6 {[%clk 0:07:45]} Re3 {[%clk 0:35:25]} 30. Rd1 {[%clk 0:07:02]} a6
{[%clk 0:24:05]} 31. b4 {[%clk 0:06:31]} Kf8 {[%clk 0:15:32]} 32. a4
{[%clk 0:05:42]} Nf4 {[%clk 0:09:40]} 33. Nxd4 {[%clk 0:03:46]} Nxd3
{[%clk 0:07:26]} 34. b5 {[%clk 0:01:32]} a5 {[%clk 0:06:35]} 35. Nc6
{[%clk 0:01:31]} Nb2 {[%clk 0:06:59]} 36. Rd7 {[%clk 0:01:13]} Nxc4
{[%clk 0:06:04]} 37. Rxc7 {[%clk 0:01:03]} Nb6 {[%clk 0:03:13]} 38. Ra7
{[%clk 0:00:43]} Nxa4 {[%clk 0:02:16]} 39. Rxa5 {[%clk 0:01:11]} Nb6
{[%clk 0:01:04]} 40. Ra6 {[%clk 0:31:30]} Nc8 {[%clk 0:30:33]} 41. b6
{[%clk 0:28:15]} Nd6 {[%clk 0:30:34]} 42. Ra8+ {[%clk 0:26:47]} Re8
{[%clk 0:30:41]} 43. Rd8 {[%clk 0:26:56]} Nb7 {[%clk 0:28:37]} 44. Rd7
{[%clk 0:27:05]} Nc5 {[%clk 0:26:57]} 45. Rc7 {[%clk 0:27:19]} Na6
{[%clk 0:25:52]} 46. Rb7 {[%clk 0:20:08]} Rc8 {[%clk 0:23:25]} 47. Nd4
{[%clk 0:19:55]} Re8 {[%clk 0:22:06]} 48. Ra7 {[%clk 0:17:25]} Nb8
{[%clk 0:22:13]} 49. Nf5 {[%clk 0:16:45]} g6 {[%clk 0:21:36]} 50. Nd6
{[%clk 0:15:40]} Rd8 {[%clk 0:21:30]} 51. Ne4 {[%clk 0:15:48]} Nd7
{[%clk 0:20:17]} 52. Rxd7 {[%clk 0:15:52]} Rxd7 {[%clk 0:20:25]} 53. Nc5
{[%clk 0:16:21]} Ke7 {[%clk 0:19:12]} 54. b7 {[%clk 0:16:43]} Rd8
{[%clk 0:19:37]} 55. Na6 {[%clk 0:17:08]} Ke6 {[%clk 0:20:01]} 56. b8=Q
{[%clk 0:17:32]} Rxb8 {[%clk 0:20:29]} 57. Nxb8 {[%clk 0:17:55]} Kf5
{[%clk 0:20:51]} 58. Nd7 {[%clk 0:17:27]} h5 {[%clk 0:20:54]} 59. Kg3
{[%clk 0:17:32]} Kg5 {[%clk 0:19:05]} 60. Nc5 {[%clk 0:17:27]} Kf5
{[%clk 0:19:29]} 61. Kf3 {[%clk 0:17:46]} Kg5 {[%clk 0:19:48]} 62. Ne6+
{[%clk 0:16:47]} Kf5 {[%clk 0:19:46]} 63. Nf4 {[%clk 0:16:57]} h4
{[%clk 0:17:40]} 64. Nxg6 {[%clk 0:16:29]} Kxg6 {[%clk 0:17:36]} 65. Kg4
{[%clk 0:16:58]} f5+ {[%clk 0:17:43]} 66. Kxh4 {[%clk 0:17:22]} Kh6
{[%clk 0:18:12]} 67. Kg3 {[%clk 0:17:41]} Kg5 {[%clk 0:18:38]} 68. Kf3
{[%clk 0:18:07]} 1-0

[Event "MPJ C18"]
[Site "?"]
[Date "2016.03.14"]
[Round "2.4"]
[White "Piotrowski, Przemyslaw"]
[Black "Wisniewski, Michal"]
[Result "1-0"]
[LiveChessVersion "1.4.8"]
[BlackElo "2273"]
[WhiteElo "2140"]

1. Nf3 {[%clk 1:30:56]} Nf6 {[%clk 1:30:37]} 2. g3 {[%clk 1:31:19]} g6
{[%clk 1:31:03]} 3. b3 {[%clk 1:31:46]} Bg7 {[%clk 1:31:11]} 4. Bb2
{[%clk 1:32:10]} O-O {[%clk 1:31:33]} 5. Bg2 {[%clk 1:32:37]} d6 {[%clk 1:30:32]}
6. d4 {[%clk 1:33:01]} Nbd7 {[%clk 1:30:54]} 7. O-O {[%clk 1:33:20]} c6
{[%clk 1:30:11]} 8. c4 {[%clk 1:33:26]} Qc7 {[%clk 1:30:10]} 9. Nc3
{[%clk 1:31:24]} e5 {[%clk 1:29:49]} 10. dxe5 {[%clk 1:27:43]} dxe5
{[%clk 1:29:44]} 11. Ba3 {[%clk 1:26:13]} Re8 {[%clk 1:21:00]} 12. Bd6
{[%clk 1:14:40]} Qa5 {[%clk 1:20:27]} 13. b4 {[%clk 1:05:41]} Qa3
{[%clk 1:18:27]} 14. Rc1 {[%clk 1:03:06]} Bf8 {[%clk 1:10:49]} 15. Bxf8
{[%clk 0:55:14]} Nxf8 {[%clk 1:11:11]} 16. Qb3 {[%clk 0:54:54]} Qxb3
{[%clk 1:08:35]} 17. axb3 {[%clk 0:55:15]} e4 {[%clk 0:54:00]} 18. Nd4
{[%clk 0:51:39]} Ne6 {[%clk 0:52:20]} 19. Rfd1 {[%clk 0:49:53]} Nxd4
{[%clk 0:52:34]} 20. Rxd4 {[%clk 0:50:17]} Bf5 {[%clk 0:53:03]} 21. e3
{[%clk 0:48:47]} Kg7 {[%clk 0:50:27]} 22. h3 {[%clk 0:47:35]} h5 {[%clk 0:50:51]}
23. Rcd1 {[%clk 0:47:46]} a6 {[%clk 0:50:00]} 24. Rd6 {[%clk 0:44:25]} Nh7
{[%clk 0:48:26]} 25. Kh2 {[%clk 0:37:26]} Nf6 {[%clk 0:42:54]} 26. R1d4
{[%clk 0:34:01]} a5 {[%clk 0:33:49]} 27. b5 {[%clk 0:33:17]} cxb5
{[%clk 0:34:16]} 28. Nxb5 {[%clk 0:33:36]} Re7 {[%clk 0:34:42]} 29. Nc3
{[%clk 0:32:49]} Rc8 {[%clk 0:32:37]} 30. Rxf6 {[%clk 0:31:50]} Kxf6
{[%clk 0:32:35]} 31. Nd5+ {[%clk 0:32:14]} Ke6 {[%clk 0:32:54]} 32. Nxe7
{[%clk 0:32:28]} Kxe7 {[%clk 0:33:20]} 33. Bxe4 {[%clk 0:32:54]} Bxe4
{[%clk 0:33:47]} 34. Rxe4+ {[%clk 0:33:21]} Kf6 {[%clk 0:33:49]} 35. Rd4
{[%clk 0:31:38]} Rc6 {[%clk 0:34:16]} 36. Rd5 {[%clk 0:28:12]} Rb6
{[%clk 0:31:38]} 37. Rxa5 {[%clk 0:25:04]} Rxb3 {[%clk 0:32:07]} 38. g4
{[%clk 0:25:01]} hxg4 {[%clk 0:31:02]} 39. hxg4 {[%clk 0:25:29]} Rc3
{[%clk 0:31:21]} 40. Rc5 {[%clk 0:53:42]} Kg7 {[%clk 1:01:40]} 41. g5
{[%clk 0:53:29]} b5 {[%clk 1:02:03]} 42. Rxb5 {[%clk 0:53:55]} Rxc4
{[%clk 1:02:29]} 43. Kg3 {[%clk 0:54:08]} Ra4 {[%clk 1:02:38]} 44. Kf3
{[%clk 0:54:10]} Rc4 {[%clk 1:02:11]} 45. e4 {[%clk 0:54:23]} Ra4
{[%clk 1:01:25]} 46. Rb7 {[%clk 0:53:27]} Ra3+ {[%clk 1:00:56]} 47. Kf4
{[%clk 0:53:29]} Ra2 {[%clk 1:01:23]} 48. f3 {[%clk 0:53:40]} Ra4
{[%clk 1:01:50]} 49. Rd7 {[%clk 0:54:02]} Rb4 {[%clk 1:02:01]} 50. Ke5 Rb5+ 51.
Rd5 {[%clk 0:51:57]} Rb6 {[%clk 1:01:53]} 52. Ra5 {[%clk 0:52:10]} Rb3
{[%clk 1:01:50]} 53. f4 {[%clk 0:52:32]} Rd3 {[%clk 1:02:01]} 54. Ra7
{[%clk 0:51:03]} Rd1 {[%clk 1:02:17]} 55. Rb7 {[%clk 0:51:06]} Rd3
{[%clk 1:02:25]} 56. f5 gxf5 {[%clk 1:02:18]} 57. exf5 {[%clk 0:51:21]} Kg8
{[%clk 1:02:41]} 58. Kf6 {[%clk 0:50:19]} Rd6+ {[%clk 1:00:40]} 59. Ke7
{[%clk 0:50:28]} Rd5 {[%clk 1:00:06]} 60. Rb8+ {[%clk 0:49:41]} Kg7
{[%clk 0:59:34]} 61. f6+ {[%clk 0:49:28]} Kh7 {[%clk 0:59:39]} 62. Kxf7
{[%clk 0:48:03]} Rxg5 {[%clk 0:59:21]} 63. Rb1 {[%clk 0:47:47]} Rh5
{[%clk 0:59:44]} 64. Rg1 {[%clk 0:46:54]} Rh2 {[%clk 0:59:44]} 65. Re1
{[%clk 0:46:31]} Rh3 {[%clk 1:00:06]} 66. Kf8 {[%clk 0:46:08]} Ra3
{[%clk 0:59:50]} 67. f7 {[%clk 0:46:09]} Ra8+ {[%clk 0:59:48]} 68. Ke7
{[%clk 0:46:08]} Ra7+ {[%clk 1:00:14]} 69. Kf6 {[%clk 0:46:14]} Ra6+
{[%clk 1:00:25]} 70. Re6 {[%clk 0:46:37]} Ra8 {[%clk 1:00:54]} 71. Re8
{[%clk 0:46:51]} Ra6+ {[%clk 1:01:22]} 72. Ke5 {[%clk 0:47:15]} 1-0